Normal view
MARC view
Entry Topical Term
001 - CONTROL NUMBER
- control field: 29355
003 - CONTROL NUMBER IDENTIFIER
- control field: OSt
005 - DATE AND TIME OF LATEST TRANSACTION
- control field: 20260426151249.0
008 - FIXED-LENGTH DATA ELEMENTS
- fixed length control field: 260426|| aca||aabn | a|a d
040 ## - CATALOGING SOURCE
- Original cataloging agency: OSt
- Transcribing agency: OSt
150 ## - HEADING--TOPICAL TERM
- Topical term or geographic name entry element: ইতিহাস: শিল্পকলা ও সাহিত্য
670 ## - SOURCE DATA FOUND
- Source citation: Work cat.: (OSt): বোরহানউদ্দিন খান জাহাঙ্গীর 28074, শিল্পকলার ইতিহাস, 2nd Print, 2016
